Ochrana pred legalizáciou príjmov z trestnej činnosti

Legalizácia - pojem. Financovanie terorizmu. Neobvyklá obchodná operácia. a jej ohlasovanie. Nástroje pri legalizácii. Povinnosť mlčanlivosti. Advokáti a notári.

Salvato in:
Dettagli Bibliografici
Autore principale: Jaško, Jozef
Natura: Capitolo di libro
Lingua:slovacco
Soggetti:
Tags: Aggiungi Tag
Nessun Tag, puoi essere il primo ad aggiungerne!!

MARC

LEADER 00000naa$a2200000$$$4500
001 0086053
005 20231120082741.0
041 0 |a slo 
044 |a SK 
245 1 0 |a Ochrana pred legalizáciou príjmov z trestnej činnosti  |c Jozef Jaško 
520 |a Legalizácia - pojem. Financovanie terorizmu. Neobvyklá obchodná operácia. a jej ohlasovanie. Nástroje pri legalizácii. Povinnosť mlčanlivosti. Advokáti a notári. 
610 2 0 |a legalizácia 
610 2 0 |a príjmy 
610 2 0 |a činnosť trestná 
610 2 0 |a terorizmus 
610 2 0 |a financovanie 
610 2 0 |a úpravy právne 
100 1 |a Jaško, Jozef